|
|
|
|
| LEADER |
00000nam0a2200000 4500 |
| 001 |
346053 |
| 005 |
20231102005838.0 |
| 010 |
|
|
|a 9785864714263
|
| 035 |
|
|
|a (RuTPU)RU\TPU\book\377909
|
| 090 |
|
|
|a 346053
|
| 100 |
|
|
|a 20210520d2008 m y0rusy50 ca
|
| 101 |
1 |
|
|a rus
|c eng
|
| 102 |
|
|
|a RU
|
| 105 |
|
|
|a a z 001zy
|
| 200 |
1 |
|
|a Автобиография: Моав - умывальная чаша моя
|e автобиография
|e пер. с англ.
|f С. Фрай
|g пер. С. Ильина
|
| 210 |
|
|
|a Москва
|c Фантом Пресс
|d 2008
|
| 215 |
|
|
|a 605 с.
|c ил.
|
| 225 |
1 |
|
|a The best of Phantom
|
| 320 |
|
|
|a Примечания: с. 584-605
|
| 330 |
|
|
|a Жизнь такого человека, как Стивен Фрай, вряд ли может быть заурядной. Эта автобиография охватывает два первых десятилетия его жизни. Вся правда о том, как жил-был маленький мальчик, как он превратился в лжеца и преступника и как из всего этого получилось явление по имени Стивен Фрай, — вот что такое эта книга. И разумеется, даже из собственной жизни Фрай сумел сочинить комедию — грустную, феерическую, полную игры и бесконечно правдивую (а возможно, столь же бесконечно лживую). Наверное, это самая откровенная, самая бесстыдная, но и самая ироничная автобиография, какую мог бы написать англичанин. Встречайте и наслаждайтесь — Стивен Фрай со всеми его потрохами!
|
| 606 |
1 |
|
|a Английская литература
|2 stltpush
|3 (RuTPU)RU\TPU\subj\29042
|9 52454
|
| 610 |
1 |
|
|a автобиографическая проза
|
| 610 |
1 |
|
|a биография
|
| 610 |
1 |
|
|a ирония
|
| 610 |
1 |
|
|a юмор
|
| 610 |
1 |
|
|a автобиографии
|
| 675 |
|
|
|a 82
|v 4
|
| 700 |
|
1 |
|a Фрай
|b С.
|g Стивен
|
| 702 |
|
1 |
|a Ильин
|b С.
|g Сергей
|4 730
|
| 801 |
|
1 |
|a RU
|b 63413507
|c 20210520
|
| 801 |
|
2 |
|a RU
|b 63413507
|c 20210701
|g RCR
|
| 942 |
|
|
|c BK
|